Criminalità dei potenti e metodo mafioso (Registro nro. 67765)

Detalles MARC
000 -ENCABEZADO
Número de control [NR] 01140nam a22002657a 4500
008 - DE LONGITUD FIJA DE DATOS DE ELEMENTOS - INFORMACIÓN GENERAL
Elementos de longitud fija [NR] 130821s2009 it gr ita
020 ## - NUMERO INTERNACIONAL NORMALIZADO PARA LIBROS [R]
Número Internacional Normalizado del libro [NR] 9788857500683
040 ## - FUENTE DE CATALOGACION [NR]
Agencia de catalogación original [NR] Co-BoUCM
Idioma de catalogación [NR] spa
041 00 - CODIGO DE IDIOMA [R]
Código de idioma para texto/pista de sonido o título separado [R] Italiano
111 2# - ASIENTO PRINCIPAL--NOMBRE DE REUNION [NR]
Nombre de reunión o de jurisdicción como elemento de entrada [NR] Seminario internazionale sul metodo mafioso
Número de la parte/sección de una obra [R] (2nd
Fecha de la reunión [NR] 2008-2009
Lugar de la reunión [NR] Palermo, Italy)
9 (RLIN) 167029
245 10 - MENCION DE TITULO [NR]
Título [NR] Criminalità dei potenti e metodo mafioso
Mención de responsabilidad, etc. [NR] editado por Alessandra Dino
260 ## - PUBLICACION, DISTRIBUCION, ETC. (PIE DE IMPRENTA) [R]
Lugar de publicación, distribución, etc. [R] Milán (Italia)
Nombre del editor, distribuidor, etc. [R] Mimesis
Fecha de publicación, distribución, etc. [R] c2009
300 ## - DESCRIPCION FISICA [R]
Extensión [R] 580 páginas
490 #0 - MENCION DE SERIE [R]
Mención de serie [R] Eterotopie
504 ## - NOTA DE BIBLIOGRAFIA, ETC. [R]
Nota de bibliografía, etc. [NR]
650 04 - ASIENTO SECUNDARIO DE MATERIA - TERMINO TEMATICO [R]
Término temático o nombre geográfico como elemento de entrada [NR] Crimen organizado
Subdivisión geográfica [R] Italia
Subdivisión de forma [R] Congresos, conferencias, etc.
9 (RLIN) 12141
650 04 - ASIENTO SECUNDARIO DE MATERIA - TERMINO TEMATICO [R]
Término temático o nombre geográfico como elemento de entrada [NR] Delitos de cuello blanco
Subdivisión geográfica [R] Italia
Subdivisión de forma [R] Congresos, conferencias, etc.
9 (RLIN) 12589
650 04 - ASIENTO SECUNDARIO DE MATERIA - TERMINO TEMATICO [R]
Término temático o nombre geográfico como elemento de entrada [NR] Derecho penal
9 (RLIN) 12805
650 04 - ASIENTO SECUNDARIO DE MATERIA - TERMINO TEMATICO [R]
Término temático o nombre geográfico como elemento de entrada [NR] Mafia
Subdivisión general [R] Aspectos políticos
Subdivisión geográfica [R] Italia
Subdivisión de forma [R] Congresos, conferencias, etc.
9 (RLIN) 18862
650 04 - ASIENTO SECUNDARIO DE MATERIA - TERMINO TEMATICO [R]
Término temático o nombre geográfico como elemento de entrada [NR] Mafia
Subdivisión geográfica [R] Italia
Subdivisión de forma [R] Congresos, conferencias, etc.
9 (RLIN) 18862
700 1# - ASIENTO SECUNDARIO - NOMBRE PERSONAL [R]
Nombre personal [NR] Dino, Alessandra
Término de relación [R]
9 (RLIN) 167030
856 42 - LOCALIZACION Y ACCESO ELECTRONICOS [R]
Nota dirigida al público [R] Tabla de Contenido
Identificador Uniforme del Recurso (“URI”) [R] <a href="http://www.loc.gov/catdir/toc/casalini08/10821090.pdf">http://www.loc.gov/catdir/toc/casalini08/10821090.pdf</a>
942 ## - ELEMENTOS DE ENTRADA AGREGADOS (KOHA)
Tipo de ítem principal el descrito en 300a Libro
Tema principal Derecho
Edición 1
Parte restante de la signatura top. C929
Sistema de clasificación DEWEY
Clasificación 364.106
Existencias
Fecha de último préstamo Total préstamos Total Renewals Signatura topográfica Código de barras Última vez visto Ejemplar Price effective from Tipo de ítem Nota pública (OPAC) Perdido Sistema de clasificación Dañado No prestable Tipo de ítem específico Suprimido Ubicación habitual Ubicación actual Localización Fecha de creación Forma de adquisición Costo
27/11/2014 3 1 364.106 C929 100108350 04/12/2025 Ej.1 03/02/2013 Libro Spot Criminología e Investigación Criminal   DEWEY     Libro   Claustro Claustro 3er piso 28/02/2010 Compra 107250.00